Online
Catalog

Dinámicas de grupos : (Record no. 53300)

MARC details
000 -CABECERA
campo de control de longitud fija 01064nam a2200241 i 4500
003 - IDENTIFICADOR DEL NÚMERO DE CONTROL
campo de control DO-SdBNP
005 - FECHA Y HORA DE LA ÚLTIMA TRANSACCIÓN
campo de control 20230418155304.0
007 - CAMPO FIJO DE DESCRIPCIÓN FÍSICA--INFORMACIÓN GENERAL
campo de control de longitud fija ta
008 - DATOS DE LONGITUD FIJA--INFORMACIÓN GENERAL
campo de control de longitud fija 230418e1986 dr a|||gr|||| 001 u spa d
040 ## - FUENTE DE LA CATALOGACIÓN
Centro catalogador/agencia de origen DO-SdBNP
Lengua de catalogación spa
Centro/agencia transcriptor BNPHU
Normas de descripción rda
082 #4 - NÚMERO DE LA CLASIFICACIÓN DECIMAL DEWEY
Número de edición 22
Número de documento/Ítem M219d
245 00 - MENCIÓN DE TÍTULO
Título Dinámicas de grupos :
Resto del título haciendo el trabajo comunitario más divertido y profundo, con la participación de todos y todas. /
264 00 - PRODUCCIÓN, PUBLICACIÓN, DISTRIBUCIÓN, FABRICACIÓN Y COPYRIGHT
Producción, publicación, distribución, fabricación y copyright Santo Domingo :
Nombre del de productor, editor, distribuidor, fabricante Centro Poveda,
Fecha de producción, publicación, distribución, fabricación o copyright 1986
300 ## - DESCRIPCIÓN FÍSICA
Extensión 35 páginas :
Otras características físicas Ilustraciones,
Dimensiones 28 cm.
336 ## - TIPO DE CONTENIDO
Fuente rdaconten
Término de tipo de contenido texto
Código de tipo de contenido txt
337 ## - TIPO DE MEDIO
Fuente rdamedia
Nombre/término del tipo de medio sin medición
Código del tipo de medio n
338 ## - TIPO DE SOPORTE
Fuente rdacarrier
Nombre/término del tipo de soporte volumen
Código del tipo de soporte sn
500 ## - NOTA GENERAL
Nota general Esta publicación forma parte del Proyecto Sociedad Civil, Educación y Democracia.
505 ## - NOTA DE CONTENIDO CON FORMATO
Nota de contenido con formato Presentación
Título Las dinámicas.--
-- Dinámicas de integración.--
-- Dinámicas de trabajo en grupo.--
-- Dinámicas de animación.--
-- Dinámicas de recreación.
533 ## - NOTA DE REPRODUCCIÓN
Tipo de reproducción Reimpresión con adecuaciones de la Serie "Dinámicas de Grupos".
Institución responsable de la reproducción Ediciones Populares.--
Fecha de la reproducción 1986.-
590 ## - NOTA LOCAL (RLIN)
Nota local Inventariado 2023 / MF
942 ## - ELEMENTOS DE PUNTO DE ACCESO ADICIONAL (KOHA)
Fuente del sistema de clasificación o colocación Dewey Decimal Classification
Tipo de ítem Koha Libro
Holdings
Estado de retiro Estado de pérdida Fuente del sistema de clasificación o colocación Restricciones de uso No para préstamo Código de colección Localización permanente Ubicación/localización actual Ubicación en estantería Fecha de adquisición Total de préstamos Signatura topográfica completa Código de barras Fecha visto por última vez Precio válido a partir de Tipo de ítem Koha Número de copia
    Dewey Decimal Classification Excluido de préstamo   Patrimonio Dominicano Biblioteca Nacional Pedro Henríquez Ureña Biblioteca Nacional Pedro Henríquez Ureña En catalogación 18.04.2023   M219d 2023-1435 18.04.2023 18.04.2023 Libro  
    Dewey Decimal Classification Excluido de préstamo   Patrimonio Dominicano Biblioteca Nacional Pedro Henríquez Ureña Biblioteca Nacional Pedro Henríquez Ureña En catalogación 18.04.2023   M219d 2023-1436 18.04.2023 18.04.2023 Libro e.2

Powered by Koha